History Quiz

Random History or War Quiz

War by Battlefield Quiz Stats

 Plays Quiz not verified by Sporcle

Score 0/8 Timer 03:00
0 Plays Today
Battlefield War % Correct
Fort Pulaski, GeorgiaThe Civil War
87.2%
Battle of GallipoliWorld War 1
76.7%
Operation Desert ShieldThe Gulf War
57%
Operation Frequent WindThe Vietnam War
41.9%
Golan HeightsThe Yom Kippur War
37.8%
Operation Desert SnowploughThe Iraq War
35.5%
Battle Of BaoyingChinese Revolution
7.6%
Battle of TulgasRussian Civil War
4.7%

You're not logged in!

Compare scores with friends on all Sporcle quizzes.
OR
Log In

Show Comments

Extras

Top Quizzes Today


Score Distribution

Your Account Isn't Verified!

In order to create a playlist on Sporcle, you need to verify the email address you used during registration. Go to your Sporcle Settings to finish the process.

Report this User

Report this user for behavior that violates our Community Guidelines.

Details: